000 005190000a22001810004500
090 _aAR
_b02046
245 1 0 _aOn Missing entries in cladistic analysis
650 1 4 _aAnálisis genético
_975159
650 1 4 _aTaxonomía
_992343
650 1 4 _aPolimorfismo
_956050
650 1 4 _aCladística
_912117
041 0 _aInglés
700 1 _aCoddington, Jonathan A.
_993143
700 1 _aGriswold, Charles E.
_995160
100 1 _aPlatnick, Norman I.
_995523
942 _cARTICULO
773 1 _tCladistics
_3468
_h7
_q337-343
_d1991
999 _c11123
_d11123